[Event "FRA-chT rapid"]
[Site "Cappelle la Grande"]
[Date "2025.04.21"]
[Round "14.6"]
[White "Daulyte Cornette, Deimante"]
[Black "Savignon Schmidt, Maxime"]
[Result "1-0"]
[WhiteElo "2327"]
[BlackElo "2087"]
[PlyCount "105"]
[EventDate "2025.04.19"]
[EventType "team-swiss (rapid)"]
[EventRounds "15"]
[EventCountry "FRA"]
[SourceTitle "CB17_2025"]
[SourceDate "2025.04.23"]
[SourceVersion "1"]
[SourceVersionDate "2025.04.23"]
[SourceQuality "1"]

1. e4 c5 2. Nc3 Nc6 3. Bb5 Nd4 4. Nf3 a6 5. Bd3 e6 6. 0-0 Nc6 7. b3 g6 8. Bb2 Bg7 9. Na4 Bxb2 10. Nxb2 d6 11. Be2 Nge7 12. d4 cxd4 13. Nxd4 0-0 14. Nc4 d5 15. exd5 Nxd4 16. Qxd4 Qxd5 17. Qf6 Qc5 18. Bf3 Ra7 19. Rad1 b5 20. Ne3 Nf5 21. Ng4 Bb7 22. Qb2 e5 23. Nf6+ Kg7 24. Nd7 Qe7 25. Bxb7 Rxb7 26. Nxf8 Kxf8 27. Rfe1 f6 28. Qc3 Rc7 29. Qd2 Kg7 30. c3 Qc5 31. Rc1 h5 32. Red1 h4 33. h3 Ng3 34. Re1 Nf5 35. Kf1 Rc6 36. Red1 Rd6 37. Qe2 Qa3 38. Rxd6 Qxc1+ 39. Qd1 Qf4 40. Rd7+ Kg8 41. Rd8+ Kg7 42. Qd7+ Kh6 43. Qd2 Ng3+ 44. Ke1 Nh5 45. Qxf4+ Nxf4 46. Kf1 Kg5 47. c4 bxc4 48. bxc4 Ne6 49. Rd6 Nd4 50. Rxa6 f5 51. c5 e4 52. c6 f4 53. c7 1-0

[Event "FRA-chT rapid"]
[Site "Cappelle la Grande"]
[Date "2025.04.20"]
[Round "6.10"]
[White "Savignon Schmidt, Maxime"]
[Black "Rabette, Paul"]
[Result "0-1"]
[WhiteElo "2087"]
[BlackElo "2022"]
[PlyCount "198"]
[EventDate "2025.04.19"]
[EventType "team-swiss (rapid)"]
[EventRounds "15"]
[EventCountry "FRA"]
[SourceTitle "CB17_2025"]
[SourceDate "2025.04.23"]
[SourceVersion "1"]
[SourceVersionDate "2025.04.23"]
[SourceQuality "1"]

1. e4 e6 2. d4 d5 3. Nc3 dxe4 4. Nxe4 Be7 5. Nf3 Nf6 6. Bd3 Nbd7 7. c3 0-0 8. 0-0 b6 9. Qe2 Bb7 10. Rd1 Nxe4 11. Bxe4 Qc8 12. Bxb7 Qxb7 13. d5 e5 14. Nxe5 Nxe5 15. Qxe5 Bf6 16. Qg3 Rad8 17. Bg5 Bxg5 18. Qxg5 Rfe8 19. Rd2 Qa6 20. Qg4 Qxa2 21. Rad1 Rxd5 22. Rxd5 Qxd5 23. h3 Qc6 24. Qf4 g6 25. h4 h5 26. f3 b5 27. Rd4 a5 28. Qg5 b4 29. cxb4 axb4 30. Rxb4 Re1+ 31. Kf2 Qe6 32. Rb8+ Kh7 33. Qd2 Re5 34. Rd8 Qe7 35. Kg3 Qf6 36. Rd7 Re7 37. Rd5 Qc6 38. Qd4 Qe6 39. Qd2 c6 40. Rd4 Qe5+ 41. Qf4 Qxf4+ 42. Kxf4 Re2 43. Rd7 Kg7 44. Rc7 Rxb2 45. Rxc6 Rxg2 46. Rc7 Ra2 47. Kg3 Ra3 48. Rc6 f6 49. Rc7+ Kh6 50. Rc6 Kg7 51. Rc7+ Kf8 52. Rc8+ Ke7 53. Rc7+ Ke6 54. Rc6+ Ke5 55. Rc5+ Kd6 56. Rb5 Ra6 57. Kf4 Ke6 58. Rb4 Ra7 59. Rb6+ Kf7 60. Rb5 Kg7 61. Rb6 Rf7 62. Ra6 Rb7 63. Ra5 Rb4+ 64. Kg3 Rb7 65. Ra6 Kf7 66. Kf4 Rb4+ 67. Kg3 Rd4 68. Ra7+ Ke6 69. Ra6+ Rd6 70. Ra5 Rd5 71. Ra6+ Kf5 72. Ra8 g5 73. hxg5 Kxg5 74. Rg8+ Kf5 75. Rh8 Kg6 76. Rg8+ Kf7 77. Ra8 Re5 78. Ra7+ Kg6 79. Ra8 Kf5 80. Rh8 Kg6 81. Ra8 Rb5 82. Rg8+ Kf7 83. Ra8 Rb4 84. Rh8 Kg6 85. Kh3 Kg5 86. Rf8 f5 87. Kg3 h4+ 88. Kh3 Rb3 89. Kg2 Kf4 90. Ra8 Rb2+ 91. Kh3 Kxf3 92. Kxh4 Rb3 93. Kg5 f4 94. Ra4 Rb5+ 95. Kh4 Re5 96. Ra3+ Re3 97. Ra4 Re4 98. Ra3+ Kf2 99. Kh3 f3 0-1

[Event "FRA-ch U14"]
[Site "Agen"]
[Date "2024.04.20"]
[Round "8"]
[White "Duquesne, Adrien"]
[Black "Savignon Schmidt, Maxime"]
[Result "1-0"]
[WhiteElo "2145"]
[BlackElo "1944"]
[PlyCount "67"]
[EventDate "2024.04.14"]
[EventType "swiss"]
[EventRounds "9"]
[EventCountry "FRA"]
[SourceTitle "EXT 2025"]
[Source "ChessBase"]
[SourceDate "2024.10.14"]
[SourceVersion "1"]
[SourceVersionDate "2024.10.14"]
[SourceQuality "1"]

1. e4 c5 2. Nf3 d6 3. d4 cxd4 4. Qxd4 Nc6 5. Bb5 Bd7 6. Bxc6 Bxc6 7. c4 Nf6 8. Nc3 g6 9. Bg5 Bg7 10. Qd3 Rc8 11. 0-0 0-0 12. Rac1 Nd7 13. b4 b6 14. h3 h6 15. Be3 Kh7 16. Nd2 Qc7 17. f4 a6 18. Rc2 Qb8 19. Rfc1 Bxc3 20. Rxc3 b5 21. a3 bxc4 22. Nxc4 Qa8 23. Nd2 Bb7 24. Rc7 Nf6 25. f5 gxf5 26. e5 Be4 27. Nxe4 Nxe4 28. Rxe7 Rxc1+ 29. Bxc1 dxe5 30. Qe3 f4 31. Qb3 Kg8 32. Bb2 Qd8 33. Rxe5 Qb6+ 34. Kh2 1-0